Countries Inside a Soccer Ball - Statistics

General Stats
  • This quiz has been taken 241 times
  • The average score is 9 of 12
Answers on the Map
Answers color-coded by a green-red scale on the quiz's map according to % correct below.
 
Answer Stats
Answer % Correct
Canada
99%
Japan/Bangladesh
97%
Switzerland
92%
Nepal
84%
Cyprus
81%
India
73%
Kenya
69%
Uruguay
63%
Angola
56%
Morocco
56%
Kosovo
54%
Egypt
47%
No matching quizzes found
Score Distribution
Percent of People with Each Score
Percentile by Number Answered
Your Score History
You have not taken this quiz